Normal view MARC view
  • Olivera Bustamante, María de los Ángeles

Entry Nombre Personal

Number of records used in: 1

001 - NUMERO DE CONTROL

  • campo de control: 48796

003 - IDENTIFICADOR DE NUMERO DE CONTROL

  • campo de control: UPN

005 - FECHA Y HORA DE LA ÜLTIMA TRANSACCIÓN

  • campo de control: 20230516132655.0

008 - DATOS DE LONGITUD FIJA

  • campo de control de longitud fija: 230504|| aca||aabn | a|a d

040 ## - FUENTE DE CATALOGACIÓN

  • Agencia original de catalogación: MX-MxUPN
  • Lenguaje de catalogación: spa
  • Agencia de transcripción: MX-MxUPN

100 1# - ENCABEZAMIENTO - NOMBRE PERSONAL

  • Nombre personal: Olivera Bustamante, María de los Ángeles

400 1# - VEÁSE - NOMBRE DE PERSONA

  • Personal name: Bustamante, María de los Ángeles Olivera

670 ## - FUENTE EN LA QUE SE LOCALIZARON DATOS

  • Cita de la fuente: En la obra: Fichero Actividades didácticas Matemáticas, cuarto grado, 2001:
  • Información localizada: página 3 (María de los Ángeles Olivera Bustamante)

902 ## - CATALOGADOR

  • Catalogador: NDAF/160523